Vista normal
Vista MARC
Entrada Topical Term
Número de registros utilizados en: 2
001 - CONTROL NUMBER
- control field: 42139
003 - CONTROL NUMBER IDENTIFIER
- control field: OSt
005 - DATE AND TIME OF LATEST TRANSACTION
- control field: 20220708172939.0
008 - FIXED-LENGTH DATA ELEMENTS
- fixed length control field: 220708|| aca||aabn | a|a d
040 ## - CATALOGING SOURCE
- Original cataloging agency: OSt
- Transcribing agency: OSt
150 ## - HEADING--TOPICAL TERM
- Topical term or geographic name entry element: Matemáticas recreativas
670 ## - SOURCE DATA FOUND
- Source citation: Work cat.: (OSt)29523: Tahan, Malba, 1895-1974 Autor 42138, El hombre que calculaba / , 1999.